Paesi SENZA il Rosso nella Bandiera - Statistics

Statistiche generali
  • Questo quiz è stato fatto 98 volte
  • Il punteggio medio è 25 su 41
Statistiche sulle risposte
Continente Paese % Corretto
Europa Finlandia
90%
America Argentina
87%
Europa San Marino
86%
Europa Irlanda
84%
Europa Svezia
84%
Europa Grecia
80%
Asia India
80%
Europa Ucraina
78%
Europa Estonia
77%
America Brasile
76%
Asia Kazakistan
72%
Africa Niger
71%
America Uruguay
71%
Africa Nigeria
70%
Asia Pakistan
69%
America Honduras
65%
Africa Somalia
65%
Oceania Palau
61%
America Giamaica
58%
Asia Israele
58%
Oceania Micronesia
58%
Oceania Isole Marshall
57%
Asia Arabia Saudita
55%
America Saint Lucia
55%
Africa Costa d'Avorio
54%
America Bahamas
53%
Asia Cipro
53%
Asia Afghanistan
52%
Asia Bhutan
52%
Europa Bosnia ed Erzegovina
52%
Africa Botswana
52%
Oceania Isole Salomone
49%
Asia Sri Lanka
49%
Oceania Nauru
48%
Africa Sierra Leone
47%
Africa Tanzania
47%
America Barbados
46%
Africa Lesotho
46%
America Saint Vincent e Grenadine
42%
Africa Ruanda
41%
Africa Gabon
31%
Nessun quiz corrispondente trovato
Distribuzione punteggi
Percentuale di utenti per punteggio
Percentile per numero di risposta
I tuoi punteggi nel tempo
Non hai fatto questo quiz